| 000 | 00476 a2200193 4500 | ||
|---|---|---|---|
| 005 | 20260204150402.0 | ||
| 008 | 260204b |||||||| |||| 00| 0 eng d | ||
| 020 |
_a9798898486150 _c$ 140.00 |
||
| 040 | _aMAIN | ||
| 082 |
_a570 _bK461I |
||
| 100 | _aKerr, Ethelwynn, ed. | ||
| 245 | _aIntroduction to biology | ||
| 260 |
_bCell Publishing _aWyoming _c2026 |
||
| 300 | _a264 | ||
| 650 | _aBiology | ||
| 650 | _aFood Proteomics | ||
| 650 | _aProteomics | ||
| 942 | _cBK | ||
| 999 |
_c394919 _d394919 |
||